Plánovanie výkonnosti podniku ako zdroj informácií pre manažment podniku

Identifikácia a vymedzenie obsahovej náplne jednotlivých činností procesu plánovania výkonnosti podniku. Začiatok procesu tvorí vytýčenie cieľov, ktoré majú podobu očakávaných hodnôt finančných a nefinančných ukazovateľov. K vytýčeným cieľom je potrebné stanoviť prostriedky na ich dosiahnutie. Proce...

Ausführliche Beschreibung

Gespeichert in:
Bibliographische Detailangaben
1. Verfasser: Ďurišová, Mária
Weitere Verfasser: Malichová, Eva, Potkanová, Tatiana
Format: Buchkapitel
Sprache:Slowakisch
Schlagworte:
Tags: Tag hinzufügen
Keine Tags, Fügen Sie das erste Tag hinzu!

MARC

LEADER 00000nla a2200000 4500
001 0242551
005 20240417075137.7
041 0 |a slo 
044 |a CZ 
245 1 0 |a Plánovanie výkonnosti podniku ako zdroj informácií pre manažment podniku  |c Mária Ďurišová, Eva Malichová, Tatiana Potkanová 
520 |a Identifikácia a vymedzenie obsahovej náplne jednotlivých činností procesu plánovania výkonnosti podniku. Začiatok procesu tvorí vytýčenie cieľov, ktoré majú podobu očakávaných hodnôt finančných a nefinančných ukazovateľov. K vytýčeným cieľom je potrebné stanoviť prostriedky na ich dosiahnutie. Proces plánovania výkonnosti podniku sa dokončí určením rôznych variantov na dosiahnutie stanovených cieľov, ktoré slúžia ako zdroj informácií pre manažment podniku. 
610 2 0 |a výkonnosť podniku 
610 2 0 |a výkony podnikové 
610 2 0 |a plánovanie 
610 2 0 |a riadenie podnikové 
610 2 0 |a riadenie výkonov 
100 1 |a Ďurišová, Mária 
700 1 |a Malichová, Eva 
700 1 |a Potkanová, Tatiana